Normal view MARC view

Entry Personal Name

Number of records used in: 1

001 - CONTROL NUMBER

  • control field: 264083

003 - CONTROL NUMBER IDENTIFIER

  • control field: OSt

005 - DATE AND TIME OF LATEST TRANSACTION

  • control field: 20260518155142.0

008 - FIXED-LENGTH DATA ELEMENTS

  • fixed length control field: 260518|| aca||aabn | a|a d

040 ## - CATALOGING SOURCE

  • Original cataloging agency: OSt
  • Transcribing agency: OSt

100 ## - HEADING--PERSONAL NAME

  • Personal name: SIJYES (Takode) Psued siril j Sequeira
  • Dates associated with a name: ಸಿಜ್ಯ್ ಸ್ ತಾಕೊಡೆ

670 ## - SOURCE DATA FOUND

  • Source citation: Work cat.: (OSt)98477: SIJYES (Takode) Psued siril j Sequeira ಸಿಜ್ಯ್ ಸ್ ತಾಕೊಡೆ, Sath Salkan : mogachyo katha, 1984